000 00826nam a2200253Ia 4500
003 OSt
005 20220923223408.0
006 a|||||r|||| 00| 0
007 ta
008 220922b |||||||| |||| 00| 0 hin d
024 _a214,732
037 _cTextual
040 _aARTS
_cARTS
_bhin
041 _2hin
_ahin
082 _aO152,3:g(Y), M1
100 _aअश्वघोष
_9156280
245 0 _aहिन्दी कहानी
_b सामाजिक संदर्भ
246 _aHindī kahānī: sāmājik sandarbha
260 _aमथुरा
_b राज्यश्री प्रका0
_c1981
300 _a180पृ.
_ccm.
650 _aहिन्दी साहित्य
_9156264
942 _hO152,3:g(Y), M1
_cTEXL
_2CC
999 _c364663
_d364663